| 000 | 00901nam a2200217Ia 4500 | ||
|---|---|---|---|
| 003 | IN-BaIIA | ||
| 008 | 211028s9999 xx 000 0 eng d | ||
| 020 | _a0379-6566 | ||
| 040 | _cIIA Library | ||
| 080 |
_a523.9 _bESA |
||
| 110 | _aEuropean Space Agency | ||
| 111 |
_aEuropean Meeting on Solar Physics on Solar Physics _n4th _cNoordwijkerhout _d1984 Oct. 1-3 _913911 |
||
| 245 | 4 |
_aThe hydromagnetics of the sun _bproceedings of the fourth European Meeting on Solar Physics, Noordwijkerhout, the Netherlands, 1-3 October 1984 _cEuropean Space Agency |
|
| 260 |
_aMario-Nikis _bEuropean Space Agency _c1984 |
||
| 300 | _a[various pagings.] | ||
| 650 | _aAstronomy and Astrophysics thesaurus | ||
| 650 |
_aHydromagnetics _913912 |
||
| 650 |
_aSun _91200 |
||
| 710 |
_aSolar Physics Section of the European Physical Society, Observatory _913913 |
||
| 942 | _cBK | ||
| 999 |
_c8292 _d8292 |
||